Costos y presupuestos en edificaciones / (Registro nro. 1678)
[ vista simple ]
| 000 -LEADER | |
|---|---|
| fixed length control field | 01647nam a2200265Ia 4500 |
| 003 - CONTROL NUMBER IDENTIFIER | |
| control field | PE SENCICO BE |
| 005 - DATE AND TIME OF LATEST TRANSACTION | |
| control field | 20251128142105.0 |
| 008 - FIXED-LENGTH DATA ELEMENTS--GENERAL INFORMATION | |
| fixed length control field | 200515s9999 xx 000 0 und d |
| 020 ## - INTERNATIONAL STANDARD BOOK NUMBER | |
| International Standard Book Number | 978-612-304-282-0 |
| 040 ## - CATALOGING SOURCE | |
| Original cataloging agency | PE SENCICO BE |
| Transcribing agency | PE SENCICO BE |
| 082 ## - DEWEY DECIMAL CLASSIFICATION NUMBER | |
| Classification number | 692.5 |
| Item number | R21 |
| 100 1# - MAIN ENTRY--PERSONAL NAME | |
| Personal name | Ramos Salazar, Jesús |
| 9 (RLIN) | 146 |
| 245 10 - TITLE STATEMENT | |
| Title | Costos y presupuestos en edificaciones / |
| Statement of responsibility, etc. | Jesús Ramos Salazar |
| 250 ## - EDITION STATEMENT | |
| Edition statement | 1a ed. |
| 260 ## - PUBLICATION, DISTRIBUTION, ETC. | |
| Place of publication, distribution, etc. | Lima : |
| Name of publisher, distributor, etc. | Macro, |
| Date of publication, distribution, etc. | 2015 |
| 300 ## - PHYSICAL DESCRIPTION | |
| Extent | [10], 461 p.: |
| Other physical details | il., tbl., graf.; |
| Dimensions | 25 cm. |
| 504 ## - BIBLIOGRAPHY, ETC. NOTE | |
| Bibliography, etc. note | Bibliografía: p. [463]. |
| 505 0# - FORMATTED CONTENTS NOTE | |
| Formatted contents note | Metrados -- Costos directos -- Costo indirectos -- Normas para la preparación del presupuesto -- Sistema computarizado de análisis de precios unitarios y presupuestos<br/> |
| 520 3# - SUMMARY, ETC. | |
| Summary, etc. | Presenta información fundamental y necesaria para la elaboración de presupuestos de obras empleando criterios técnicos para su formulación en obras de edificación. Se exponen los análisis de costos que deben adaptarse a los diversos tipos de obra y sus características particulares tales como costo de materiales, mano de obra, equipo, lugar y tiempo de ejecución, entre otros aspectos. Se presentan cinco capítulos en los cuales se desarrolla la metodología, el cálculo y determinación de costos directos e indirectos, las normas técnicas generales para la elaboración del presupuesto; además de anexos y tablas de gran utilidad para el lector. |
| 650 14 - SUBJECT ADDED ENTRY--TOPICAL TERM | |
| Topical term or geographic name entry element | Costos |
| 9 (RLIN) | 421 |
| 650 24 - SUBJECT ADDED ENTRY--TOPICAL TERM | |
| Topical term or geographic name entry element | Industria de la construcción |
| 9 (RLIN) | 417 |
| 650 24 - SUBJECT ADDED ENTRY--TOPICAL TERM | |
| Topical term or geographic name entry element | Normas de construcción |
| 9 (RLIN) | 476 |
| 650 20 - SUBJECT ADDED ENTRY--TOPICAL TERM | |
| Topical term or geographic name entry element | Costos de construcción |
| 9 (RLIN) | 120 |
| 942 ## - ADDED ENTRY ELEMENTS (KOHA) | |
| Koha item type | Libros |
| Source of classification or shelving scheme | Dewey Decimal Classification |
| Classification part | 692.5 |
| Item part | R21 |
| Fecha de la última vez que lo usaron | Número de ingreso o de inventario | Pago total | Signatura topográfica completa | Código de barras | Precio efectivo desde | Tipo de documento | Estado perdido | Sistema de clasificación | Estado dañado | No es para préstamo | Retirado | Ubicación permanente | Ubicación actual | Fecha de adquisición |
|---|---|---|---|---|---|---|---|---|---|---|---|---|---|---|
| 28/11/2025 | 692.5/R21 | BibZareq25112612 | 28/11/2025 | Libros | Dewey Decimal Classification | Biblioteca Arequipa | Biblioteca Arequipa | 28/11/2025 | ||||||
| 15/05/2020 | 16278 | 692.5/R21 | BibLima25112610 | 15/05/2020 | Libros | Dewey Decimal Classification | Biblioteca Central Lima | Biblioteca Central Lima | 30/04/2019 | |||||
| 13/01/2023 | 16392 | 692.5/R21/ej. 2 | BibLima25112611 | 13/01/2023 | Libros | Dewey Decimal Classification | Biblioteca Central Lima | Biblioteca Central Lima | 02/10/2019 |